[Event "Candidates Tournament"]
[Site "London"]
[Date "2013.03.29"]
[Round "12"]
[White "Carlsen, Magnus"]
[Black "Ivanchuk, Vassily"]
[Result "0-1"]
[WhiteElo "2872"]
[BlackElo "2757"]
[Annotator "Kritz,Leonid"]
[PlyCount "180"]
[EventDate "2013.03.15"]
[EventType "tourn"]
[EventRounds "14"]
[EventCountry "ENG"]
[EventCategory "22"]
[SourceTitle "CBM 154"]
[Source "ChessBase"]
[SourceDate "2013.05.15"]
[SourceVersion "1"]
[SourceVersionDate "2013.05.15"]
[SourceQuality "1"]

1. e4 {Mueller,Ka} c5 2. Nf3 Nc6 3. Nc3 e6 ({Wenn Schwarz ganz prinzipiell spielen will, kann er mit} 3... e5 {fortfahren:} 4. Bc4 d6 5. d3 Be7 {mit vielen theoretischen Varianten.}) 4. d4 cxd4 5. Nxd4 Qc7 6. Be3 a6 7. Qd2 {Das ist die populärste und wohl auch die stärkste Fortsetzung gegen das Paulsen-System.} (7. Bd3 Nf6 8. O-O Nxd4 $1 {Ich finde das Nehmen sehr gut für Schwarz.} 9. Bxd4 Bc5 10. Bxc5 (10. Bxf6 $2 gxf6 11. Qg4 Kf8 12. Kh1 h5 13. Qh4 Be7 14. f4 b5 $132) 10... Qxc5 11. Kh1 d6 12. f4 e5 $132) (7. Be2 Nf6 8. O-O Bb4 9. Na4 Be7 10. Nxc6 bxc6 11. Nb6 Rb8 12. Nxc8 Qxc8 13. Bd4 c5 14. Be5 Rb6 $132 {Auch hier hat Schwarz gute Aussichten.}) 7... Nf6 8. O-O-O Bb4 9. f3 Ne7 $5 {Diese Variante war und bleibt eine der größten Fragen, die Weiß noch zu beantworten hat.} (9... b5 10. Bf4 Ne5 11. Nc6 $3 {Dank dieses Tricks bekommt Weiß eine sehr angenehme Stellung.} Nd3+ (11... Qxc6 12. Bxe5 Bb7 13. Qg5 $16) (11... Bxc3 12. bxc3 $1 Qxc6 13. Bxe5 $16) (11... dxc6 12. Bxe5 $16) 12. cxd3 Qxc6 13. Kb1 O-O 14. Rc1 $14) (9... Ne5 {Die Hauptvariante!} 10. Nb3 b5 11. Qe1 {Nun droht xb5.} Be7 12. f4 Ng6 13. e5 Ng4 14. Ne4 $132 {Beide Seiten haben ihre Chancen.}) 10. Nb3 $2 {Dieser Zug wird selten gespielt und das zurecht. Besser ist 10.de2.} (10. Nde2 d5 (10... b5 11. Bf4 e5 12. Bg5 Bb7 13. Kb1 $14) 11. Bg5 dxe4 12. Bxf6 gxf6 13. Qd4 exf3 14. Qxb4 fxe2 15. Bxe2 f5 $13 {Es sieht so aus, als ob Weiß genug Kompensation für den Bauern hat, aber etwas Konkretes gibt er auch wieder nicht. Es hat noch niemand einen eindeutigen Weg zum Vorteil in dieser Stellung gezeigt.}) 10... d5 ({RR} 10... Bxc3 11. bxc3 d5 12. c4 O-O 13. cxd5 exd5 14. Bd4 dxe4 15. fxe4 Nxe4 16. Qe3 f5 17. Nc5 Nc6 18. Nxe4 Nxd4 19. Rxd4 fxe4 20. Bc4+ Kh8 21. Qxe4 Bf5 22. Qh4 Qa5 23. Qg3 Rac8 24. Bb3 Bxc2 25. Kb2 {Zhu,M (2043)-Yang,J (2372) Kingston, ON CAN 2025 0-1}) 11. e5 {Weiß steht schon schlechter. Nach dem Partiezug bekommt er keine einzige Chance zum Spielen.} (11. Kb1 Bxc3 12. bxc3 O-O 13. e5 Nd7 14. f4 a5 15. Nd4 Nc5 16. Nb5 Qc6 17. Bxc5 Qxc5 18. Qd4 b6 19. Qxc5 bxc5 $15 {0-1 Cernousek,L (2417)-Chloupek,S (2317)/Czechia 2009/EXT 2011 (40)}) 11... Nd7 $15 {Es ist sehr komisch, dass Carlsen diese Variante gewählt hat. Ich vermute, dass er etwas verwechselt hat, weil Weiß hier einfach eine schlechte Bauernstruktur bekommt, ohne jegliche Kompensation.} 12. f4 b6 13. Bd4 $146 {Etwas stärker war doch a3, dann behält man zumindest den schwarzfeldrigen Läufer.} (13. a3 Bxc3 14. Qxc3 Qxc3 15. bxc3 Bb7 16. Kd2 Kd8 17. Be2 Kc7 $15 {1-0 Piorun,K (2445)-Vovk,Y (2549)/Warsaw 2008/CBM 125 Extra (44)}) ({RR} 13. Bd3 Bb7 14. Kb1 Bxc3 15. Qxc3 Qxc3 16. bxc3 Rc8 17. Bd4 Nc5 18. Nc1 O-O 19. Rhf1 Bc6 20. g4 Ba4 21. Rd2 Ne4 22. Bxe4 dxe4 23. Re1 Nd5 24. Rxe4 Rxc3 25. Bf2 b5 26. Kb2 Rc4 27. Bd4 Nb4 {Zude,A (2422)-Halkias,S (2593) Zuerich 2011 0-1 (41)}) ({RR} 13. a3 Bxc3 14. Qxc3 Qxc3 15. bxc3 Bb7 16. Kd2 Kd8 17. Be2 Kc7 18. Bf3 h5 19. Ke2 Rac8 20. Rb1 Kb8 21. Kd2 Nf5 22. Bf2 g5 23. g3 f6 24. exf6 g4 25. Bg2 d4 26. Bxb7 dxc3+ 27. Ke2 Kxb7 {Piorun,K (2445)-Vovk,Y (2549) Warsaw 2008 1-0 (44)}) 13... Nc5 {Jetzt ist die Stellung von Weiß schon kritisch.} 14. a3 $2 {Und wieder nicht die beste Entscheidung! Offensichtlich hat Carlsen einfach einen schlechten Tag erwischt.} (14. Bxc5 $1 Bxc5 (14... bxc5 15. a3 Bxc3 16. Qxc3 c4 17. Nd4 $132) 15. Kb1 O-O (15... Bb4 $2 16. Nb5 $1 $16) 16. Bd3 Bd7 $15) 14... Ne4 15. Qe1 Nxc3 16. Bxc3 (16. axb4 Nxd1 $19) 16... Bxc3 17. Qxc3 Qxc3 18. bxc3 $17 {Nach nur 18 Zügen hat Weiß alle Chancen auf aktives Spiel verloren und muss nun ums Remis kämpfen. Gegen einen Spieler von solcher Klasse wie Ivanchuk kann man solche Stellungen kaum halten.} a5 $6 {Als erstes kommt der "schlechte" Läufer raus, wobei das auch einen Nachteil hat - das Feld b5 wird geschwächt.} 19. Nd4 (19. c4 $5 O-O 20. cxd5 Nxd5 21. g3 a4 22. Nd4 Ne3 23. Re1 Bb7 $17) 19... Ba6 20. Bd3 $1 {Wenn Schwarz auf d3 nimmt, wird die weiße Bauernstruktur sofort verbessert.} (20. Nb5 $6 Kd7 21. Bd3 Bxb5 $1 22. Bxb5+ Kc7 $17 {Dieses Materialverhältnis ist das schlechteste für Weiß.}) 20... Kd7 (20... Bxd3 $4 21. cxd3 $14) 21. Kd2 Nc6 $1 {Ivanchuk spielt sehr genau. Man muss alle starken Figuren von Weiß abtauschen, um dann gegen die Schwächen spielen zu können.} 22. Rb1 (22. Nb5 f6 $1 23. exf6 gxf6 $17 {Schwarz wird bald zu ...e5 kommen.}) (22. Bb5 Bxb5 23. Nxb5 g5 $1 {Typischer Zug für diese Bauernstruktur.} 24. g3 Rag8 $17) 22... Bxd3 $1 {Jetzt kann Schwarz auf d3 nehmen, weil Weiß nicht mit dem Bauern zurückschlagen kann.} 23. Kxd3 (23. cxd3 Nxd4 24. cxd4 Kc6 25. Rb2 Kb7 26. Rhb1 Ra6 $15 {Demnächst kommt c8-c6 und dann wird sich der Turm a6 befreien können.}) (23. Nxc6 Bxc2 24. Kxc2 (24. Rxb6 Be4 25. Nd4 Rhb8 $19) 24... Kxc6 $19) 23... Rab8 {Weiß kann die Stellung wahrscheinlich halten, wenn er die Türme auf der b-Linie verdoppelt.} 24. Nb5 $2 (24. Rb2 f6 25. Nxc6 Kxc6 26. Re1 Rhf8 27. g3 $15) 24... g5 $1 {Jetzt kommt Schwarz auch noch von der anderen Seite.} 25. g3 Rhg8 26. c4 (26. Nd6 gxf4 27. gxf4 f6 $19) (26. Rhg1 Ne7 $17) 26... gxf4 {Das Nehmen auf c4 war gut genug.} (26... dxc4+ 27. Kxc4 gxf4 28. gxf4 Rg4 $19 {Beide Bauern e5 und f4 hängen.}) 27. gxf4 Ne7 $2 {Ivanchuk macht ebenfalls einen Fehler. Nach 27....dxc4 könnte Weiß aufgeben.} (27... dxc4+ 28. Kxc4 (28. Kc3 Ne7 $19) 28... Rg4 29. Rhf1 Nxe5+ $19) 28. Rhg1 {Nun hat Schwarz das Feld g4 nicht mehr zur Verfügung.} dxc4+ 29. Kxc4 Nd5 (29... Rbc8+ 30. Kb3 Nd5 31. Rxg8 Rxg8 32. Rd1 Kc6 33. c4 Nxf4 34. Rd6+ Kb7 (34... Kc5 $4 35. Nc3 $18) 35. Rd7+ $14) 30. Nd6 Kc6 31. Nxf7 Nxf4 {Auch nach 31....gf8 steht Schwarz besser.} (31... Rgf8 32. Ng5 Rxf4+ 33. Kb3 Re8 34. Rbe1 h6 35. Ne4 Rh4 $15) 32. Kb3 {Vermutlich waren beide Spieler schon in Zeitnot.} (32. Rbd1 $1 Rxg1 (32... Nd5 33. Kd4 $11) 33. Rxg1 b5+ 34. Kb3 Kc5 35. Rf1 Ne2 36. c3 b4 37. cxb4+ axb4 38. Ng5 $1 (38. axb4+ Rxb4+ 39. Kc2 Rf4 40. Rxf4 Nxf4 41. Ng5 h6 42. Nf7 h5 43. Kd2 Kd4 $19) 38... Nd4+ 39. Kb2 bxa3+ 40. Kxa3 $15 {Schwarz steht besser, aber Weiß hat gute Chancen, um Remis zu halten.}) 32... Kc5 (32... Rgf8 $5 33. Ng5 Rf5 34. Rbf1 Rg8 35. Nxh7 Rxg1 36. Rxg1 Rxe5 $15) 33. Ng5 h6 34. Ne4+ Kd4 35. Nf6 Rxg1 36. Rxg1 Rc8 $1 {Genau gespielt! Schwarz muss seinen Turm aktivieren.} (36... Kxe5 $4 37. Nd7+ $18) 37. Re1 (37. Rd1+ Kxe5 38. Ng4+ Ke4 39. Nxh6 Ne2 $17) 37... Rc3+ 38. Kb2 Rf3 (38... Rh3 $4 39. Re4+ $18) 39. Re4+ Kc5 40. Nd7+ Kd5 41. Nf6+ Kc5 42. Nd7+ Kc6 $1 {Schwarz will natürlich weiter spielen, seine Stellung ist viel besser, weil sein König sehr stark ist.} 43. Nf6 (43. Rd4 Nd5 44. c4 Rf2+ 45. Kb3 a4+ $1 46. Kxa4 b5+ 47. cxb5+ (47. Ka5 bxc4 48. Nb8+ Kc5 $19) 47... Kxd7 48. Rh4 Re2 $17) 43... Ng6 {Nun droht einfach xe5.} 44. Rc4+ Kb5 45. Re4 $2 {Mueller,Ka: 'The passive solution makes life difficult for Carlsen.'} ({The active} 45. Rc8 $1 {Mueller,Ka draws easier, e.g.} Nxe5 46. Ne4 Re3 47. Nd6+ Ka4 48. Rf8 b5 (48... Rf3 49. Rxf3 Nxf3 50. c4 Nd2 51. Ka2 Nb3 52. Ne4 Nc1+ 53. Kb2 Nd3+ $11) 49. Rf4+ b4 50. axb4 axb4 51. Rf8 Ka5 52. Rb8 Re2 53. Kb3 $11) 45... Rf5 $17 {Schwarz hat wieder sehr großen Vorteil. Weiß kann den Bauern nicht halten.} 46. Ne8 $6 ({The computer suggestion} 46. a4+ {Mueller,Ka} Kc5 47. Kb3 Nxe5 48. c3 {is better.}) 46... Kc5 47. Nc7 $6 ({Again the computer solution} 47. Kb3 {Mueller,Ka} Rxe5 48. Rc4+ Kd5 {is objectivly better, but White's house already looks very shaky.}) 47... Nxe5 $1 48. Rh4 Kd6 49. Nb5+ Kd7 50. a4 h5 51. Nd4 Rg5 52. Re4 Nc4+ 53. Kc3 Re5 $1 54. Rh4 $6 {Mueller,Ka: 'The rook is a bit misplaced here.'} (54. Re2 $5 {Mueller,Ka is called for.}) 54... Nd6 55. Kd3 Rd5 56. c4 Rg5 57. Nf3 Rc5 58. Nd2 Rf5 59. Nb3 Nb7 60. Rh3 Kd6 61. Kc3 Nc5 $1 62. Nxc5 Kxc5 63. Re3 (63. Rh4 {Mueller,Ka} e5 64. Kd3 Kb4 $19) 63... e5 $2 {Mueller,Ka: 'Until now Ivanchuk has played his initiative forcefully. But now he loses control for a short moment.'} (63... h4 $1 {Mueller,Ka wins, e.g.} 64. Rxe6 (64. Kd3 e5 65. Ke4 (65. Kc3 e4 66. Rxe4 Rf3+ 67. Kc2 Rh3 $19) 65... Rf4+ 66. Kxe5 Rxc4 67. Ra3 Kb4 68. Ra1 Rc2 $19) 64... Rf3+ 65. Kb2 (65. Kd2 Rh3 $19) 65... Rh3 66. Re5+ Kb4 67. Rb5+ (67. Re2 Kxa4 $19) 67... Kxc4 68. Rxb6 Rxh2+ 69. Ka3 Rh3+ 70. Kb2 Rd3 71. Rb5 Rd5 $19) 64. h4 Kd6 65. Rd3+ Ke6 (65... Kc6 {Mueller,Ka} 66. Rd5 Rf3+ 67. Kc2 Rh3 68. Rxe5 Rxh4 69. Kc3 Rh1 70. Re6+ Kc5 71. Re5+ Kd6 72. Rb5 Kc6 73. Kd4 h4 74. Rh5 h3 75. Rh6+ Kd7 76. Kd5 h2 77. Rh7+ Ke8 78. Kc6 Kf8 79. Rh3 Kg7 80. Kb7 $11) 66. Rg3 (66. Rd5 $2 {Mueller,Ka} Rf3+ (66... e4 $2 67. Kd4 Rxd5+ 68. cxd5+ Kf5 69. d6 Ke6 70. Kxe4 Kxd6 71. Kd4 Kc7 72. Kc3 $11) 67. Kc2 Rf4 68. Kc3 Rxh4 69. Rb5 Rh3+ 70. Kd2 (70. Kb2 e4 71. Rxb6+ Ke5 72. c5 Kd4 73. Re6 Rc3 $19) 70... e4 71. Rxb6+ Ke5 72. c5 Rd3+ 73. Ke2 Rc3 74. Rb5 h4 75. Rxa5 (75. c6+ Kd4 $19) 75... h3 76. c6+ Kd6 77. Rh5 h2 78. Rh6+ Kc7 79. Kd2 Ra3 80. a5 Ra1 $19) 66... Kf6 67. Rd3 Rf4 68. Rd6+ Kf5 69. Rxb6 Rxh4 70. c5 Rxa4 (70... Ke4 {Mueller,Ka} 71. c6 (71. Kc4 $11) 71... Kd5 72. Rb5+ Kxc6 73. Rxe5 $11) 71. Rh6 $2 {Mueller,Ka: 'The large drawish tendency of rook endings still saves White, but over the board it is next to impossible to defend this position.'} (71. c6 {Mueller,Ka} Ke6 (71... Ra1 $6 {is met by} 72. Kb2 {when} Ra4 {is the only move to draw for Black.}) 72. Rb5 Kd6 73. c7 Kxc7 74. Rxe5 {is a tablebase draw, e.g.} h4 75. Rh5 Kb6 76. Rh6+ Kc5 77. Rh5+ Kd6 78. Kb3 Rd4 79. Rxa5 Rd5 80. Ra6+ Ke5 81. Rh6 Rd4 82. Kc3 Ra4 83. Kd2 Kf5 84. Ke2 Kg5 85. Rh8 $11) 71... Ke4 $1 {Mueller,Ka: 'Ivanchuk's king crosses over to deal with the passed c-pawn himself.'} 72. Rd6 (72. Rxh5 {Mueller,Ka} Kd5 73. c6 Rc4+ 74. Kd3 Rxc6 $19) (72. c6 {Mueller,Ka} Kd5 73. Kd3 Rd4+ 74. Ke3 Rc4 $19) 72... Rd4 $1 73. Ra6 (73. Rxd4+ {Mueller,Ka} exd4+ 74. Kc4 d3 75. c6 (75. Kc3 Kd5 76. Kxd3 Kxc5 $19) 75... d2 76. c7 d1=Q 77. c8=Q Qc2+ $19) 73... Kd5 74. Rxa5 (74. c6 {Mueller,Ka} Rc4+ 75. Kd3 Rxc6 76. Rxa5+ Ke6 $19) (74. Rh6 {Mueller,Ka} Kxc5 75. Rxh5 Kd5 $19) 74... Rc4+ 75. Kd3 Rxc5 76. Ra4 Rc7 ({The computer move} 76... e4+ {Mueller,Ka wins quicker as} 77. Rxe4 $6 {runs into} Rc3+ 78. Kxc3 Kxe4 79. Kd2 Kf3 80. Ke1 Kg2 $19 {[%csl Gg1,Gg2]}) 77. Rh4 Rh7 78. Ke3 Ke6 79. Ke4 Rh8 80. Ke3 Kf5 81. Ke2 Kg5 82. Re4 Re8 83. Ke3 h4 84. Ke2 h3 85. Kf2 h2 86. Kg2 h1=Q+ 87. Kxh1 Kf5 88. Re1 Rg8 $1 {Mueller,Ka: 'The cut off decides.'} 89. Kh2 (89. Rg1 {Mueller,Ka} Rxg1+ 90. Kxg1 Ke4 91. Kf2 Kd3 $19 {[%csl Gd3,Ge3,Gf3]}) 89... Kf4 90. Rf1+ Ke3 0-1

[Event "Candidates Tournament"]
[Site "London"]
[Date "2013.04.01"]
[Round "14"]
[White "Carlsen, Magnus"]
[Black "Svidler, Peter"]
[Result "0-1"]
[WhiteElo "2872"]
[BlackElo "2747"]
[Annotator "Marin,Mihail"]
[PlyCount "96"]
[EventDate "2013.03.15"]
[EventType "tourn"]
[EventRounds "14"]
[EventCountry "ENG"]
[EventCategory "22"]
[SourceTitle "CBM 154"]
[Source "ChessBase"]
[SourceDate "2013.05.15"]
[SourceVersion "1"]
[SourceVersionDate "2013.05.15"]
[SourceQuality "1"]

1. e4 e5 2. Nf3 Nc6 3. Bb5 a6 4. Ba4 Nf6 5. O-O Be7 6. d3 b5 7. Bb3 d6 8. a3 O-O 9. Nc3 Bb7 10. Bd2 ({RR} 10. Re1 Qd7 11. Ne2 Rae8 12. Ng3 Bd8 13. Rf1 Be7 14. Re1 Bd8 15. a4 Ne7 16. axb5 axb5 17. Bg5 Nc8 18. Qd2 Kh8 19. h3 Ng8 20. Bxd8 Rxd8 21. c3 c5 22. d4 Qc7 23. Qe3 Nb6 24. Kh2 f6 {Topalov,V (2784)-Tomashevsky,E (2709) Kiev 2013 1-0 (44)}) 10... Qd7 ({RR} 10... Nb8 11. Qe2 c5 12. Bg5 Nbd7 13. a4 b4 14. Nb1 h6 15. Bxf6 Nxf6 16. a5 Nd7 17. Nbd2 Kh8 18. c3 Bc6 19. Nc4 f5 20. Ba4 Qc7 21. Bxc6 Qxc6 22. cxb4 cxb4 23. Rac1 Qb5 24. exf5 Rxf5 25. Nd4 {Farias,D (2117)-Barkasheva,S (1869) Leca da Palmeira POR 2025 ½-½ (56)}) 11. a4 $146 (11. Ne2 Nd8 12. Ng3 Ne6 13. Nf5 c5 14. N3h4 Bd8 15. Qf3 d5 {Mickiewicz,P (2271)-Malaniuk,V (2522)/Koszalin 2007/CBM 119 ext (0-1, 43)}) ({RR} 11. Re1 Rfe8 12. Nd5 Nxd5 13. exd5 Nd4 14. Nxd4 exd4 15. Qf3 Bf6 16. Rxe8+ Rxe8 17. a4 Ra8 18. Qe4 Re8 19. Qf3 Ra8 20. Qe4 Re8 21. Qf3 Ra8 {½-½ (21) Pahl,E (2097)-Fromm,M (2190) Willingen 2020}) ({RR} 11. Ne2 Nd8 12. Ng3 Ne6 13. Nf5 Rfe8 14. Ng5 d5 15. Nxe6 fxe6 16. Nxe7+ Rxe7 17. Bb4 Ree8 18. f3 a5 19. Bc5 Qc6 20. Bf2 Qd6 21. Qd2 c5 22. Rae1 h6 23. f4 dxe4 24. fxe5 Qxe5 25. d4 Qd6 {Svidler,P (2723)-Mons,L (2540) Chess.com INT 2020 1-0 (34)}) ({RR} 11. Ne2 Nd8 12. Ng3 Ne6 13. Re1 Rfe8 14. h3 c6 15. Nf5 Bd8 16. Nh2 d5 17. Ng4 Nc5 18. Bg5 Nxg4 19. Qxg4 g6 20. Be3 Ne6 21. Rad1 Kh8 22. Nh6 Bf6 23. Qf3 Nf4 24. d4 dxe4 25. Qg3 Nd5 {Borisek,J (2565)-Jumabayev,R (2606) Berlin 2015 1-0 (40)}) 11... Nd8 12. axb5 axb5 13. Rxa8 Bxa8 14. Ne2 Ne6 15. Ng3 c5 16. Nf5 Bd8 17. c4 $5 {This way of fighting for the light squares justifies (at least partly) the loss of a tempo with a3-a4.} bxc4 18. Bxc4 Bc7 19. Re1 Re8 20. Qc1 Nh5 21. g3 g6 22. Nh6+ Kg7 23. Ng5 Nxg5 24. Bxg5 d5 25. exd5 Bxd5 26. Ng4 Bf3 27. Bf6+ Kg8 28. Nh6+ Kf8 29. Qe3 Bb7 30. Bh4 Qh3 31. f3 $2 (31. Bd5 $1 {This is not that difficult to spot, but evaluating the consequences requires some effort.} Bxd5 32. Qxc5+ Kg7 33. Qxd5 Kxh6 34. Qxf7 Ba5 35. Qxe8 Bxe1 36. Qxe5 {Threatening mate with g5#} Bxf2+ $1 (36... Bd2 37. Qe2 Bc1 38. Be7 {allows White to maintain the initiative in conditions of material equality.}) 37. Kxf2 Qxh2+ {with a probable draw. If White interposes his queen to one of the checks, Black can exchange and win the bishop with ...g5.}) 31... Nf4 $36 32. gxf4 Qxh4 33. Nxf7 Bxf3 34. Qf2 Qg4+ 35. Qg3 exf4 36. Rxe8+ Kxe8 37. Qxg4 Bxg4 38. Ng5 h6 39. Nf7 h5 40. Nh6 Bd1 41. Kf2 f3 42. h3 Bf4 43. Nf7 g5 44. Ke1 g4 45. hxg4 hxg4 46. Kxd1 g3 47. Ke1 g2 48. Kf2 Bh2 0-1

[Event "Norway Chess 1st"]
[Site "Stavanger"]
[Date "2013.05.09"]
[Round "2"]
[White "Carlsen, Magnus"]
[Black "Anand, Viswanathan"]
[Result "1/2-1/2"]
[WhiteElo "2868"]
[BlackElo "2783"]
[Annotator "Szabo,Krisztian"]
[PlyCount "118"]
[EventDate "2013.05.08"]
[EventType "tourn"]
[EventRounds "9"]
[EventCountry "NOR"]
[EventCategory "21"]
[SourceTitle "CBM 155"]
[Source "ChessBase"]
[SourceDate "2013.07.16"]
[SourceVersion "1"]
[SourceVersionDate "2013.07.16"]
[SourceQuality "1"]

1. e4 c5 2. Nf3 d6 3. Bb5+ Nd7 4. d4 cxd4 5. Qxd4 a6 6. Bxd7+ Bxd7 7. c4 e5 8. Qd3 b5 $5 {A very logical move. Black attacks White's  centre in order to lessen the pressure against d5.} 9. Nc3 (9. Na3 {has also been played, but} Qb6 10. O-O h6 11. b3 Nf6 12. Re1 Be7 13. Nd2 O-O 14. Nf1 Bc6 15. Ng3 Bd7 16. Be3 Qb7 17. Nc2 bxc4 18. bxc4 Rfc8 $132 {and Black looks nicely placed, Tiviakov-Babula, Dresden 2007.}) 9... bxc4 10. Qxc4 Be6 11. Qd3 (11. Qc6+ {leads only to repetition of moves after} Bd7 12. Qc4 Be6 $11) (11. Nd5 Qa5+ 12. Qc3 (12. Bd2 Bxd5 13. exd5 Qb5 $13) 12... Qxc3+ 13. Nxc3 h6 14. b3 Rc8 15. Bb2 Nf6 16. O-O Be7 17. Rfd1 O-O 18. Nd2 Rc6 $13 {D.Howell-Shanava, Istanbul ol 2012}) 11... h6 {This important move avoids  or g5.} ({In the event of} 11... Nf6 $6 12. Bg5 Be7 13. Bxf6 Bxf6 14. O-O {followed by d5 with a slight advantage for White.}) 12. O-O Nf6 13. Rd1 $146 {The first novelty in the game. The idea can be seen in the next moves.} (13. Be3 Be7 14. Nd2 d5 15. exd5 Nxd5 16. Nxd5 Qxd5 17. Qxd5 Bxd5 18. Rfc1 Kd7 19. Nc4 Bxc4 20. Rxc4 Rhc8 $11 {Yu Ruiyuan-Zhou Jianchao, Tianjin 2013. Black equalised.}) 13... Be7 14. Ne1 $5 {A very typical plan in these  structures. The white  goes to c2-e3 and d5.} O-O 15. Nc2 Qb6 16. Ne3 Rfc8 17. b3 {A prophylactic move, Carlsen prepares for d2.} ({The immediate} 17. Ned5 {is probably too early, as} Nxd5 18. Nxd5 Bxd5 19. Qxd5 Rab8 (19... Qb4 20. b3) 20. b3 Rc2 21. Be3 Qb4 {and it is not so easy to improve the position with White.}) 17... a5 $146 ({RR} 17... Qb7 18. Bb2 a5 19. Ncd5 Nxd5 20. Nxd5 Bxd5 21. Qxd5 Qxd5 22. Rxd5 Rc2 23. Ba3 Re2 24. Bxd6 Bxd6 25. Rxd6 Rxe4 26. g3 Re2 27. Kf1 Rb2 28. Rd5 a4 29. bxa4 Rxa4 30. Rxe5 Raxa2 31. Rxa2 Rxa2 {½-½ (31) Santeramo,A (2160)-Brunello,M (2367) Premium Chess Arena INT 2020}) ({RR} 17... Qb7 18. Bd2 Bd8 19. Rac1 Bb6 20. Ncd5 Bxd5 21. Nxd5 Nxd5 22. Qxd5 Qxd5 23. exd5 Kf8 24. Kf1 Ke7 25. Ke2 h5 26. f3 Kd7 27. Kd3 f5 28. h3 g6 29. Rxc8 {½-½ (29) Solozhenkin,E (2464)-Kulaots,K (2574) Jyvaskyla 2015}) 18. Bd2 Qa6 {Anand decides to exchange the .} 19. Be1 Nd7 20. f3 {Carlsen protects the e4 , which wasn't hanging at the moment, but after the exchange of , than cd5 c5 and the  is protected.} Rc6 21. Qxa6 Rcxa6 22. Ned5 $1 (22. Ncd5 {was also possible} Bd8 (22... Bg5 23. Nc4 $14) 23. Rac1 $14 {and White is slightly better.}) 22... Bd8 23. Nb5 {This is the point of why Carlsen put the e3  on d5.} Rc8 (23... Rc6 {was more precise} 24. Rac1 (24. Bf2 Rb8) 24... Rxc1 25. Rxc1 Bxd5 26. exd5 Nf6 27. Nxd6 Nxd5 {and still Black can hope for equalisation.}) 24. Bf2 (24. Rac1 {was an interesting alternative.} Rxc1 25. Rxc1 Bxd5 26. exd5 Bb6+ 27. Bf2 $14) 24... Kh7 {A prophylactic move, which avoids e7 checks.} 25. Kf1 $14 {Another logical move by Carlsen. The  is coming towards the centre.} Rcc6 $6 (25... g6 {was another option preparing for g7.} 26. Rac1 Rac6 27. Be3 $14) 26. Rac1 Bg5 27. Rc3 (27. Rxc6 $1 {was stronger} Rxc6 28. Ndc7 Rc2 29. Nxe6 fxe6 30. Rxd6 $16 {and White is better.}) 27... Bxd5 28. Rxd5 Rxc3 29. Nxc3 Rc6 30. Be1 Nc5 31. Nb5 (31. h4 $5 Bd8 (31... Be7 32. Ke2 $14) 32. Nb5 Nb7 33. Ke2 $14) 31... Nb7 32. h4 Be3 33. Ke2 Bc5 34. h5 Bb4 35. Bd2 $6 ({In the event of} 35. Bxb4 axb4 36. a3 bxa3 37. Nxa3 g6 38. hxg6+ Kxg6 39. Nc4 {is still also slightly better for White.}) 35... g6 36. a3 Bxd2 37. hxg6+ Kxg6 38. Kxd2 h5 39. g3 f6 40. Na7 Rc7 41. Nb5 Rc6 42. Ke2 Kf7 $11 {Anand has made some precise moves, so he has levelled the position.} 43. b4 axb4 44. axb4 Ke6 45. Rd3 Rc4 46. Rb3 d5 47. Kd3 Rc6 48. exd5+ Kxd5 49. Rc3 f5 50. Nc7+ Kd6 51. Ne8+ Kd5 52. Rxc6 Kxc6 53. Ng7 Nd6 54. Nxh5 e4+ 55. fxe4 Nxe4 56. Kd4 Kb5 57. g4 fxg4 58. Kxe4 g3 59. Nxg3 Kxb4 1/2-1/2